<?xml version="1.0" encoding="UTF-8"?>
<record
    xmlns:xsi="http://www.w3.org/2001/XMLSchema-instance"
    xsi:schemaLocation="http://www.loc.gov/MARC21/slim http://www.loc.gov/standards/marcxml/schema/MARC21slim.xsd"
    xmlns="http://www.loc.gov/MARC21/slim">

  <leader>01495nam a22002777a 4500</leader>
  <controlfield tag="003">AR-RoUNA</controlfield>
  <controlfield tag="005">20260623125133.0</controlfield>
  <controlfield tag="008">260623b        |||||||| |||| 00| 0 spa d</controlfield>
  <datafield tag="040" ind1=" " ind2=" ">
    <subfield code="a">AR-RoUNA</subfield>
    <subfield code="b">spa</subfield>
    <subfield code="d">AR-RoUNA</subfield>
  </datafield>
  <datafield tag="041" ind1=" " ind2=" ">
    <subfield code="a">spa</subfield>
    <subfield code="h">spa</subfield>
  </datafield>
  <datafield tag="044" ind1=" " ind2=" ">
    <subfield code="a">ag</subfield>
  </datafield>
  <datafield tag="110" ind1=" " ind2=" ">
    <subfield code="a">CAPFC - USAID</subfield>
    <subfield code="9">27793</subfield>
  </datafield>
  <datafield tag="245" ind1="1" ind2="0">
    <subfield code="a">Programa de adiestramiento para los t&#xE9;cnicos latinoamericanos en :</subfield>
    <subfield code="b">CAPFCE - USAID. construcciones escolares /</subfield>
    <subfield code="c">CAPFCE - USAID</subfield>
  </datafield>
  <datafield tag="260" ind1=" " ind2=" ">
    <subfield code="a">M&#xE9;xico, D.F :</subfield>
    <subfield code="b">CAPFCE,</subfield>
    <subfield code="c">1964</subfield>
  </datafield>
  <datafield tag="300" ind1=" " ind2=" ">
    <subfield code="a">s.p.:</subfield>
    <subfield code="b">fot. byn.</subfield>
    <subfield code="c">17x30 cm</subfield>
  </datafield>
  <datafield tag="520" ind1="3" ind2=" ">
    <subfield code="a">   El Comit&#xE9; Administrador del Programa Federal de Construcci&#xF3;n de Escuelas, fue creado en 1944 por el entonces presidente de la Rep&#xFA;blica Manuel &#xC1;vila Camacho como parte de un gran programa de obras p&#xFA;blicas para dar respuesta a la creciente demanda de planteles educativos que hab&#xED;a en el pa&#xED;s aquella &#xE9;poca. La creaci&#xF3;n de este organismo requiri&#xF3; de los servicios coordinados de arquitectos, m&#xE9;dicos, &#x201C;higienistas&#x201D;, economistas, pedagogos y &#x201C;financieros&#x201D; quienes trabajaron de manera conjunta y aportaron sus conocimientos para formular un planteamiento veraz del problema y buscarle al mismo tiempo, una soluci&#xF3;n adecuada.</subfield>
  </datafield>
  <datafield tag="650" ind1=" " ind2="4">
    <subfield code="a">Programas</subfield>
    <subfield code="x">Administraci&#xF3;n</subfield>
  </datafield>
  <datafield tag="650" ind1=" " ind2="4">
    <subfield code="a">Proyectos</subfield>
  </datafield>
  <datafield tag="650" ind1=" " ind2="4">
    <subfield code="a">Obras p&#xFA;blicas</subfield>
  </datafield>
  <datafield tag="650" ind1=" " ind2="4">
    <subfield code="a">Construcci&#xF3;n escolares</subfield>
  </datafield>
  <datafield tag="908" ind1=" " ind2=" ">
    <subfield code="a">Imp</subfield>
  </datafield>
  <datafield tag="930" ind1=" " ind2=" ">
    <subfield code="e">12355</subfield>
  </datafield>
  <datafield tag="942" ind1=" " ind2=" ">
    <subfield code="2">ddc</subfield>
    <subfield code="c">LIB</subfield>
  </datafield>
  <datafield tag="945" ind1=" " ind2=" ">
    <subfield code="a">MIA</subfield>
    <subfield code="d">2026-06-23</subfield>
  </datafield>
  <datafield tag="980" ind1=" " ind2=" ">
    <subfield code="6">1</subfield>
    <subfield code="a">Maricel Allasia</subfield>
    <subfield code="8">1</subfield>
    <subfield code="g">Maricel Allasia</subfield>
  </datafield>
  <datafield tag="999" ind1=" " ind2=" ">
    <subfield code="c">12493</subfield>
    <subfield code="d">12493</subfield>
  </datafield>
  <datafield tag="952" ind1=" " ind2=" ">
    <subfield code="0">0</subfield>
    <subfield code="1">0</subfield>
    <subfield code="2">cdu</subfield>
    <subfield code="4">0</subfield>
    <subfield code="5">0</subfield>
    <subfield code="7">0</subfield>
    <subfield code="a">AR-RoUNA</subfield>
    <subfield code="b">AR-RoUNA</subfield>
    <subfield code="c">Sala</subfield>
    <subfield code="d">2026-06-23</subfield>
    <subfield code="e">Don</subfield>
    <subfield code="l">0</subfield>
    <subfield code="o">351:727.1  P964</subfield>
    <subfield code="p">18540</subfield>
    <subfield code="t">ej. 1</subfield>
    <subfield code="y">LIB</subfield>
    <subfield code="x"></subfield>
  </datafield>
</record>
